Las ciudades más pobladas de la provincia de Buenos Aires - Estadísticas

Estadísticas generales
  • Esta prueba ha sido intentada 317 veces
  • La puntuación promedio es 9 de 19
Estadísticas de respuestas
Respuesta % Correcto
649.613 La Plata
91%
1.772.130 La matanza
78%
340.985 Avellaneda
67%
453.500 Lanús
66%
580.829 Quilmes
66%
380.709 Tigre
57%
301.531 Bahía Blanca
56%
319.934 Morón
56%
613.192 Lomas de zamora
52%
462.242 Moreno
47%
422.830 General San Martín
42%
524.207 Merlo
41%
320.224 Berazategui
37%
423.992 Florencio Varela
33%
614.350 General Pueyrrendón
26%
381.401 San Miguel
26%
343.774 Tres de Febrero
26%
555.731 Almirante Brown
25%
321.833 Malvinas Argentinas
12%
No se encontraron pruebas coincidentes
Distribución de puntuación
Porcentaje de gente con cada puntuación
Porcentaje por número respondido
Historial de tus puntuaciones
No has intentado esta prueba.